| 000 | 00673nam a22001577a 4500 | ||
|---|---|---|---|
| 008 | 170309b xxu||||| |||| 00| 0 eng d | ||
| 082 |
_22016 _aUT 0695 _bC13 |
||
| 100 |
_919250 _aCaluyan, Zeren Mariel M. |
||
| 245 |
_aSalik Nakakaapekto Sa Komprehensyon ng mga Mag-aaral Sa Asignaturang Filipino Sa Ikapitong Baitang ng Digos City National High School. _cZeren MAriel M. Caluyan, May Claire A. Capuyan and lovejoy F. Togonon. |
||
| 300 |
_a49 pages; _b29 cm. |
||
| 650 | 0 |
_919251 _aEducation _vFilipino _xUndergraduate Thesis. |
|
| 700 |
_919252 _aCaluyan, Zeren Mariel M. |
||
| 700 |
_919253 _aCapuyan, May Claire A. |
||
| 700 |
_919254 _atogonon, Lovejoy F. |
||
| 942 |
_2ddc _cUT |
||
| 999 |
_c6386 _d6386 |
||